Wende der Weltwirtschaft

Na minha lista:
Detalhes bibliográficos
Formato: Livro
Idioma:alemão
Publicado em: Leipzig Wilhelm Goldman 1939
Tags: Adicionar Tag
Sem tags, seja o primeiro a adicionar uma tag!

MARC

LEADER 00000nam a2200000 4500
001 0268653
005 20240822101712.4
041 0 |a ger 
044 |a DE 
245 1 0 |a Wende der Weltwirtschaft  |c Ferdinand Fried 
264 1 |a Leipzig  |b Wilhelm Goldman  |c 1939